Catálogo de la biblioteca (Record no. 68990)

MARC details
000 -LEADER
campo de control de longitud fija 00983nam a2200181 i 4500
001 - NÚMERO DE CONTROL
campo de control 68990
003 - IDENTIFICADOR DE NÚMERO DE CONTROL
campo de control ES-MaACL
005 - FECHA Y HORA DE LA ÚLTIMA TRANSACCIÓN
campo de control 20230906170416.0
007 - CAMPO FIJO DE DESCRIPCIÓN FÍSICA--INFORMACIÓN GENERAL
campo de control de longitud fija t|
008 - DATOS DE LONGITUD FIJA--INFORMACIÓN GENERAL
campo de control de longitud fija 040824s1982 sp ||||1| spa d
110 2# - ENTRADA PRINCIPAL--NOMBRE DE ENTIDAD CORPORATIVA
Nombre de entidad corporativa o nombre de jurisdicción como elemento de entrada Instituto Nacional de Estadística (España).
Unidad subordinada Biblioteca.
9 (RLIN) 166157
245 10 - MENCIÓN DEL TÍTULO
Título Catálogo de la biblioteca
Resto del título : I. Obras científicas /
Mención de responsabilidad, etc. Instituto Nacional de Estadística.
260 ## - PUBLICACIÓN, DISTRIBUCIÓN, ETC.
Lugar de publicación, distribución, etc. Madrid :
Nombre del editor, distribuidor, etc. [s.n.],
Fecha de publicación, distribución, etc. 1982 (
Fabricante Imp. F.T.)
300 ## - DESCRIPCIÓN FÍSICA
Extensión 4 v. ;
Dimensiones 21 cm.
505 8# - NOTA DE CONTENIDO CON FORMATO
Nota de contenido con formato Contiene: I. Suplemento al catálogo de 1977...incluye las obras recibidas entre el 1 de enero de 1978 y el 31 de diciembre de 1979 -- II. Títulos. Referidos al 31 de diciembre de 1977 -- III. Suplemento al catálogo de 1977... Obras recibidas entre el 1 de enero de 1978 y el 31 de diciembre de 1979 -- IV. Materias. Referido al 31 de diciembre de 1979
610 24 - PUNTO DE ACCESO ADICIONAL DE MATERIA--NOMBRE DE ENTIDAD CORPORATIVA
Nombre de entidad corporativa o nombre de jurisdicción como elemento de entrada Instituto Nacional de Estadística (España).
Unidad subordinada Biblioteca-
Subdivisión de forma Catálogos.
9 (RLIN) 166158
852 ## - LOCALIZACIÓN
Ubicación ES-MaACL
Número de control de estantería P-448
Sublocalización o colección R.105049
Holdings
Estatus retirado Estado de pérdida Estado de daño No para préstamo Biblioteca de origen Biblioteca actual Ubicación en estantería Fecha de adquisición Fuente de adquisición Total de préstamos Signatura topográfica completa Código de barras Visto por última vez Precio de reemplazo Tipo de ítem Koha
        Biblioteca del Ateneo de Madrid Biblioteca del Ateneo de Madrid Depósito 2 17/01/2008     P-448 1072243 23/02/2023 23/02/2023 Libro impreso